<?xml version="1.0" encoding="UTF-8"?><?xml-stylesheet type="text/xsl" href="static/style.xsl"?><OAI-PMH xmlns="http://www.openarchives.org/OAI/2.0/" xmlns:xsi="http://www.w3.org/2001/XMLSchema-instance" xsi:schemaLocation="http://www.openarchives.org/OAI/2.0/ http://www.openarchives.org/OAI/2.0/OAI-PMH.xsd"><responseDate>2026-04-14T04:08:11Z</responseDate><request verb="GetRecord" identifier="oai:www.recercat.cat:2072/412307" metadataPrefix="marc">https://recercat.cat/oai/request</request><GetRecord><record><header><identifier>oai:recercat.cat:2072/412307</identifier><datestamp>2024-11-24T23:39:15Z</datestamp><setSpec>com_2072_98</setSpec><setSpec>col_2072_378192</setSpec></header><metadata><record xmlns="http://www.loc.gov/MARC21/slim" xmlns:dcterms="http://purl.org/dc/terms/" xmlns:xsi="http://www.w3.org/2001/XMLSchema-instance" xmlns:doc="http://www.lyncode.com/xoai" xsi:schemaLocation="http://www.loc.gov/MARC21/slim http://www.loc.gov/standards/marcxml/schema/MARC21slim.xsd">
   <leader>00925njm 22002777a 4500</leader>
   <datafield ind2=" " ind1=" " tag="042">
      <subfield code="a">dc</subfield>
   </datafield>
   <datafield ind2=" " ind1=" " tag="720">
      <subfield code="a">Castrillo, Carlos</subfield>
      <subfield code="e">author</subfield>
   </datafield>
   <datafield ind2=" " ind1=" " tag="720">
      <subfield code="a">Dapoza, C.</subfield>
      <subfield code="e">author</subfield>
   </datafield>
   <datafield ind2=" " ind1=" " tag="720">
      <subfield code="a">Baucells Sánchez, María Dolores</subfield>
      <subfield code="e">author</subfield>
   </datafield>
   <datafield ind2=" " ind1=" " tag="260">
      <subfield code="c">1995</subfield>
   </datafield>
   <datafield ind2=" " ind1=" " tag="520">
      <subfield code="a">En este artículo se analiza la consistencia de los principios en los que se basa la estimación de la composición deI cuerpo de las ovejas a partir del espacio de difusión del óxido de deuterio (EDI).O). El cuerpo magro de las ovejas presenta una composición relativamente constante, lo que posibilita que se pueda predecir el contenido en lípidos y energía del cuerpo de las ovejas a partir de su peso vivo y su contenido en agua con unas desviaciones estándar residuales (DER) inferiores a 0,5 kg y 5 Mcal, respectivamente. Por otra parte, es posible estimar el contenido en agua del cuerpo de las ovejas a partir del EDD2D con elevada precisión, siendo el coeficiente de variación asociado a la relación entre ambas variables de aproximadamente un 4%. Los resultados obtenidos en ovejas F1 (Rasa Aragonesa x Romanov), en distintas fases fisiológicas, y en ovejas lecheras de raza Churra y Latxa en lactación muestran que el peso vivo y el EDD2O, utilizados conjuntamente, permiten estimar el contenido en grasa y energía del cuerpo de las ovejas con unas DER del orden de 800 g y 7 Mcal, respectivamente. Los resultados muestran también que es recomendable utilizar ecuaciones obtenidas en animales deformatos y características similares, no siendo posible con los datos actuales proponer ecuaciones específicas para cada fase fisiológica.</subfield>
   </datafield>
   <datafield tag="653" ind2=" " ind1=" ">
      <subfield code="a">Ovelles</subfield>
   </datafield>
   <datafield ind2="0" ind1="0" tag="245">
      <subfield code="a">Predicción de la composición corporal de las ovejas a partir del espacio de difusión del óxido de deuterio</subfield>
   </datafield>
</record></metadata></record></GetRecord></OAI-PMH>